[Event "Oslo Chess International 2014"]
[Site "Oslo"]
[Date "2014.09.28"]
[Round "4"]
[White "Wallace, Paul"]
[Black "Wieweg, Johnny"]
[Result "1/2-1/2"]
[WhiteElo "2200"]
[BlackElo "2140"]
[PlyCount "70"]
[EventDate "2014.??.??"]

1. e4 e5 2. f4 d5 3. exd5 exf4 4. Nf3 Nf6 5. Bb5+ c6 6. dxc6 bxc6 7. Bc4 Bd6 8.
O-O O-O 9. d4 Bg4 10. Nbd2 Nbd7 11. c3 Nb6 12. Bd3 Re8 13. Qc2 Nbd5 14. Nc4
Bxf3 15. Rxf3 Re1+ 16. Rf1 Rxf1+ 17. Bxf1 Bc7 18. Be2 Qe7 19. Qd3 Re8 20. Bf3
Qe1+ 21. Qf1 Qxf1+ 22. Kxf1 g5 23. h3 h5 24. Bd2 g4 25. hxg4 hxg4 26. Be2 Ne4
27. Bd3 f5 28. Re1 Kf7 29. Bc1 Ng3+ 30. Kf2 Rxe1 31. Kxe1 Kf6 32. Kf2 Ne4+ 33.
Ke2 Ng3+ 34. Kf2 Ne4+ 35. Ke2 Ng3+
1/2-1/2

[Event "Oslo Chess International 2014"]
[Site "Oslo"]
[Date "2014.09.28"]
[Round "4"]
[White "Pranav, Vijay"]
[Black "Einarsen, Kenneth"]
[Result "1-0"]
[WhiteElo "2197"]
[BlackElo "2106"]
[PlyCount "79"]
[EventDate "2014.??.??"]

1. d4 d5 2. c4 e6 3. g3 Nf6 4. Nf3 Be7 5. Bg2 O-O 6. O-O dxc4 7. Qc2 a6 8. a4
Bd7 9. Rd1 Bc6 10. Nc3 Nd5 11. e4 Nxc3 12. bxc3 b5 13. d5 exd5 14. exd5 Bb7 15.
Nd4 Bf6 16. Nc6 Qd7 17. Bf4 b4 18. Nxb4 a5 19. Nc6 Bxc6 20. dxc6 Qe7 21. Re1
Qc5 22. Be3 Qe5 23. Bd4 Qd6 24. Rad1 Ra6 25. Be5 Bxe5 26. Rxd6 Bxd6 27. Qa2
Nxc6 28. Qxc4 Nb8 29. Qb5 Rb6 30. Qxa5 Nd7 31. Qd5 Nc5 32. a5 Ra6 33. Ra1 Rb8
34. Bf1 Ra7 35. Bc4 Rf8 36. a6 g6 37. Qd4 Rfa8 38. Ra5 Nd7 39. Kg2 Nb6 40. Bb3
1-0

[Event "Oslo Chess International 2014"]
[Site "Oslo"]
[Date "2014.09.28"]
[Round "4"]
[White "Djurhuus, Eivind X"]
[Black "Goossens, Hanne"]
[Result "1/2-1/2"]
[WhiteElo "2105"]
[BlackElo "2187"]
[PlyCount "166"]
[EventDate "2014.??.??"]

1. Nf3 Nf6 2. g3 c5 3. c4 Nc6 4. Bg2 d5 5. cxd5 Nxd5 6. Nc3 Nc7 7. O-O e5 8. a3
Rb8 9. Rb1 Bd7 10. b4 b5 11. bxc5 Bxc5 12. e3 O-O 13. d4 exd4 14. exd4 Bd6 15.
Ne4 Bg4 16. Nxd6 Qxd6 17. Bf4 Qd7 18. d5 Nxd5 19. Bxb8 Rxb8 20. Ne5 Nxe5 21.
Qxd5 Qxd5 22. Bxd5 Bf3 23. Rfe1 Bxd5 24. Rxe5 Bc4 25. Re7 Ra8 26. Rd1 a5 27.
Ra7 Re8 28. Rxa5 g6 29. h4 h5 30. Rc1 Re4 31. a4 bxa4 32. Rxa4 Bd5 33. Rxe4
Bxe4 34. f4 Kg7 35. Kf2 Kf6 36. Ke3 Bf5 37. Rc6+ Kg7 38. Kd4 Bh3 39. Kc5 Bg4
40. Kd6 Kf6 41. Rc5 Bh3 42. Re5 Be6 43. Kc6 Bg4 44. Kc7 Bh3 45. Kd8 Bg4 46. Ke8
Be6 47. Kd8 Bg4 48. Kc7 Bh3 49. Kd6 Be6 50. Kc5 Bh3 51. Kd4 Bc8 52. Rc5 Bh3 53.
Ke3 Bf5 54. Rc6+ Be6 55. Ke4 Kg7 56. Ke5 Bh3 57. Rc7 Bg4 58. Rb7 Bh3 59. Rb6
Bg4 60. Kd6 Kf6 61. Rc6 Bh3 62. Kc7+ Ke7 63. Rc3 Be6 64. Re3 Kf6 65. Kd8 Bf5
66. Ra3 Bg4 67. Ra6+ Be6 68. Ke8 Kf5 69. Ke7 Kg4 70. Kf6 Kxg3 71. Kg5 Kf3 72.
Ra4 Ke3 73. Ra5 Ke4 74. Re5+ Kd3 75. Kf6 Kd4 76. Re1 Kd5 77. Rxe6 fxe6 78. Kxg6
Ke4 79. Kg5 Kf3 80. f5 exf5 81. Kxf5 Ke3 82. Kg5 Ke4 83. Kxh5 Kf5
1/2-1/2

[Event "Oslo Chess International 2014"]
[Site "Oslo"]
[Date "2014.09.28"]
[Round "4"]
[White "Gonzàlez, Francisco Silva"]
[Black "Andersen, Alf Roger"]
[Result "1-0"]
[WhiteElo "2130"]
[BlackElo "2170"]
[PlyCount "117"]
[EventDate "2014.??.??"]

1. d4 f5 2. Nc3 Nf6 3. Bg5 d5 4. e3 e6 5. Nf3 Be7 6. Bd3 O-O 7. O-O Bd7 8. Ne2
h6 9. Bf4 Be8 10. c4 c6 11. Qb3 Qb6 12. h3 Bh5 13. Ne5 Nbd7 14. Nc3 Nxe5 15.
Bxe5 Ne4 16. Qc2 Qd8 17. f3 Nd6 18. b3 Rc8 19. c5 Nf7 20. Bh2 Ng5 21. b4 Be8
22. Rab1 Bd7 23. Kh1 Qe8 24. a4 Bd8 25. b5 Bc7 26. Bxc7 Rxc7 27. b6 axb6 28.
Rxb6 f4 29. e4 dxe4 30. Bxe4 Bc8 31. Bg6 Qe7 32. Re1 Rd8 33. Ne2 Qf6 34. Rd1
Rcd7 35. Kh2 Rd5 36. Bd3 Nxf3+ 37. gxf3 Qh4 38. Ng1 Rh5 39. Qg2 Rg5 40. Qc2
Rxd4 41. Rbb1 Rgd5 42. Qe2 Qd8 43. Rb3 Rxc5 44. Kh1 Rcd5 45. Qc2 Rxa4 46. Bh7+
Kh8 47. Rxd5 exd5 48. Rb1 Qa5 49. Bg6 Ra2 50. Qc1 Qc7 51. Qc5 Qd8 52. Re1 Bd7
53. Qd6 Ra8 54. Re7 Qf8 55. Qxd7 Rb8 56. Rf7 Qd8 57. Qf5 b5 58. Rxg7 Qf8 59.
Rf7
1-0

[Event "Oslo Chess International 2014"]
[Site "Oslo"]
[Date "2014.09.28"]
[Round "5"]
[White "Istratescu, Andrei"]
[Black "Tari, Aryan"]
[Result "1-0"]
[WhiteElo "2653"]
[BlackElo "2456"]
[PlyCount "81"]
[EventDate "2014.??.??"]

1. d4 Nf6 2. c4 g6 3. Nc3 d5 4. Nf3 Bg7 5. Qb3 dxc4 6. Qxc4 O-O 7. e4 a6 8. e5
b5 9. Qb3 Nfd7 10. h4 c5 11. e6 fxe6 12. Qxe6+ Kh8 13. Qd5 cxd4 14. Nxb5 Nb6
15. Qxd8 Rxd8 16. Ng5 Rd7 17. Na3 d3 18. h5 Kg8 19. hxg6 hxg6 20. Rh3 d2+ 21.
Bxd2 Rxd2 22. Kxd2 Bxh3 23. gxh3 Bxb2 24. Rb1 Bxa3 25. Rxb6 Bd6 26. Ne4 Bf4+
27. Ke1 Kg7 28. Bd3 a5 29. Re6 Ra7 30. Ng5 Bxg5 31. Rxg6+ Kf7 32. Rxg5 Nd7 33.
h4 Nf6 34. h5 Ra8 35. a4 Ke6 36. h6 Rd8 37. h7 Kf7 38. Rxa5 Kg7 39. Rg5+ Kh8
40. Ke2 Ra8 41. a5
1-0

[Event "Oslo Chess International 2014"]
[Site "Oslo"]
[Date "2014.09.28"]
[Round "5"]
[White "Manea, Alexandru"]
[Black "Romanov, Evgeny"]
[Result "1/2-1/2"]
[WhiteElo "2368"]
[BlackElo "2647"]
[PlyCount "75"]
[EventDate "2014.??.??"]

1. d4 Nf6 2. c4 e6 3. Nf3 Bb4+ 4. Bd2 a5 5. Nc3 O-O 6. e3 d6 7. b3 Qe8 8. Qc2
Bd7 9. a3 Bxc3 10. Bxc3 a4 11. b4 b5 12. Nd2 bxc4 13. Bxc4 Bb5 14. O-O c6 15.
Rfe1 d5 16. Ba2 Nbd7 17. e4 Nxe4 18. Nxe4 dxe4 19. Rxe4 Nb6 20. Rae1 Nd5 21.
Bb1 g6 22. Bd2 Qd7 23. Bg5 Rfe8 24. h4 f6 25. Bc1 Qf7 26. Bh6 Ra7 27. Ba2 Rae7
28. f3 Kh8 29. Kf2 Rg8 30. Qd2 Qe8 31. Kg1 Qd7 32. Kh1 Rge8 33. Qc2 Qd6 34. Qd2
Qg3 35. Rg4 Qc7 36. Rge4 Qg3 37. Rg4 Qc7 38. Rge4
1/2-1/2

[Event "Oslo Chess International 2014"]
[Site "Oslo"]
[Date "2014.09.28"]
[Round "5"]
[White "Gara, Anita"]
[Black "Rozentalis, Eduardas"]
[Result "0-1"]
[WhiteElo "2322"]
[BlackElo "2615"]
[PlyCount "128"]
[EventDate "2014.??.??"]

1. e4 e6 2. d4 d5 3. Bd3 c5 4. c3 Nc6 5. Nf3 dxe4 6. Bxe4 Nf6 7. Bc2 cxd4 8.
cxd4 Nb4 9. Bb3 Be7 10. O-O O-O 11. Ne5 Bd7 12. Nc3 Bc6 13. Nxc6 bxc6 14. Bg5
Qd7 15. Rc1 Rac8 16. a3 Nbd5 17. Na4 Qb7 18. Qf3 Rfe8 19. Rc2 Qb5 20. Nc5 Bxc5
21. Rxc5 Qb6 22. Rfc1 Ne4 23. Qxe4 Qxb3 24. Qc2 Rb8 25. Qxb3 Rxb3 26. R1c2 f6
27. Bc1 Ne7 28. Kf1 Reb8 29. R5c3 Kf7 30. Rxb3 Rxb3 31. Rc3 Rb5 32. Rc5 Rxc5
33. dxc5 e5 34. Ke2 Ke6 35. Kd3 Kd5 36. b4 h5 37. Bd2 Nf5 38. Bc1 a6 39. Bb2
Nh4 40. g3 Nf3 41. h3 g5 42. Ke3 Ng1 43. h4 gxh4 44. gxh4 Nh3 45. Bc1 Nf4 46.
Kf3 Ng6 47. Kg3 f5 48. a4 f4+ 49. Kh3 Ne7 50. Bb2 Nf5 51. Bc1 f3 52. Bd2 e4 53.
Be1 Kc4 54. a5 Kd3 55. b5 cxb5 56. c6 e3 57. c7 Ne7 58. Kg3 Ke2 59. Bb4 Nc8 60.
Bc5 exf2 61. Bxf2 b4 62. Bc5 b3 63. Bd4 f2 64. Bxf2 b2
0-1

[Event "Oslo Chess International 2014"]
[Site "Oslo"]
[Date "2014.09.28"]
[Round "5"]
[White "Prohaszka, Peter"]
[Black "Bellia, Fabrizio"]
[Result "1-0"]
[WhiteElo "2588"]
[BlackElo "2408"]
[PlyCount "53"]
[EventDate "2014.??.??"]

1. d4 Nf6 2. c4 e6 3. Nc3 Bb4 4. Qc2 O-O 5. Nf3 d5 6. cxd5 exd5 7. Bf4 Ne4 8.
e3 Nd7 9. Bd3 Ndf6 10. O-O Nxc3 11. bxc3 Bd6 12. Ne5 h6 13. c4 dxc4 14. Bxc4
Be6 15. Bxe6 fxe6 16. Qb3 Qc8 17. Ng6 Re8 18. Rab1 Bxf4 19. Nxf4 Rb8 20. Nd3
Ne4 21. Qc2 c6 22. Ne5 Nd6 23. f4 Qc7 24. Rf3 Nf7 25. Ng4 Kh8 26. Qg6 Rg8 27.
Qxe6
1-0

[Event "Oslo Chess International 2014"]
[Site "Oslo"]
[Date "2014.09.28"]
[Round "5"]
[White "Mihajlov, Svetoslav"]
[Black "Turov, Maxim"]
[Result "0-1"]
[WhiteElo "2154"]
[BlackElo "2586"]
[PlyCount "92"]
[EventDate "2014.??.??"]

1. d4 Nf6 2. c4 e6 3. Nf3 Bb4+ 4. Bd2 a5 5. Nc3 b6 6. g3 Ba6 7. Qb3 O-O 8. a3
Bxc3 9. Bxc3 d5 10. cxd5 exd5 11. e3 a4 12. Qc2 Bxf1 13. Kxf1 Ne4 14. Kg2 Nd7
15. Ne1 h5 16. h4 Ndf6 17. f3 Nd6 18. Qd3 Re8 19. Nc2 Qd7 20. Rhe1 Re6 21. Re2
Rae8 22. Rae1 g6 23. Bb4 Nf5 24. Kf2 c5 25. Bc3 c4 26. Qd1 Qd6 27. Rg1 Nh7 28.
Qf1 g5 29. Qh3 Rf6 30. Ke1 Nh6 31. g4 hxg4 32. fxg4 Re4 33. Kd2 Qe6 34. Reg2
Rg6 35. h5 Rg7 36. Qg3 Nf6 37. Qb8+ Kh7 38. Kc1 Rxg4 39. Kb1 Rxg2 40. Rxg2 Qe4
41. Rg1 Nfg4 42. Bd2 Nf5 43. h6 Rg6 44. Qa7 Ngxh6 45. Qxa4 g4 46. Ka2 b5
0-1

[Event "Oslo Chess International 2014"]
[Site "Oslo"]
[Date "2014.09.28"]
[Round "5"]
[White "Solodovnichenko, Yuri"]
[Black "Hauge, Lars Oskar"]
[Result "1-0"]
[WhiteElo "2566"]
[BlackElo "2322"]
[PlyCount "153"]
[EventDate "2014.??.??"]

1. e4 c5 2. Nf3 d6 3. d4 cxd4 4. Nxd4 Nf6 5. Nc3 g6 6. Bc4 Bg7 7. O-O O-O 8.
Re1 a6 9. Bg5 Qc7 10. Bb3 e6 11. Qd2 Nc6 12. Nf3 b5 13. Rad1 Rd8 14. Qf4 Qe7
15. Bd5 Bb7 16. Bxc6 Bxc6 17. e5 dxe5 18. Nxe5 Bb7 19. Rxd8+ Qxd8 20. Rd1 Qe7
21. Rd7 Nxd7 22. Bxe7 Bxe5 23. Qd2 Nb6 24. Bc5 Nd5 25. Bd4 Bxd4 26. Qxd4 Nxc3
27. Qxc3 Rc8 28. Qd3 Bd5 29. b3 Kf8 30. f3 h5 31. Kf2 Ke8 32. h4 Rc6 33. Ke3
Ke7 34. Kd2 Kd6 35. Qd4 e5 36. Qb4+ Ke6 37. a4 Rd6 38. Kc1 Bc6 39. axb5 axb5
40. Qc5 f6 41. Kb2 Bd7 42. Qf2 Rd4 43. c3 Rd6 44. Ka3 f5 45. Kb4 Kf7 46. Qe3
Re6 47. Kc5 Bc6 48. Qh6 e4 49. fxe4 fxe4 50. Qe3 Be8 51. c4 bxc4 52. Kxc4 Bc6
53. b4 Kg7 54. Qa7+ Kg8 55. b5 Be8 56. Qe3 Bd7 57. Kd5 Kf7 58. Qf2+ Ke8 59. b6
e3 60. Qg3 Ke7 61. Qg5+ Kf7 62. Qf4+ Ke7 63. Qb4+ Kf7 64. b7 Bc6+ 65. Kc5 Bxb7
66. Qxb7+ Re7 67. Qf3+ Ke8 68. Qe2 Re6 69. Kd5 Ke7 70. Kd4 Rd6+ 71. Kc3 Re6 72.
Kc2 Rc6+ 73. Kd1 Rd6+ 74. Ke1 Re6 75. Qb2 e2 76. Qg7+ Ke8 77. g3
1-0

[Event "Oslo Chess International 2014"]
[Site "Oslo"]
[Date "2014.09.28"]
[Round "5"]
[White "Papp, Gabor"]
[Black "Gledura, Benjamin"]
[Result "1-0"]
[WhiteElo "2559"]
[BlackElo "2414"]
[PlyCount "85"]
[EventDate "2014.??.??"]

1. e4 c6 2. Nc3 d5 3. Nf3 Nf6 4. e5 Ne4 5. Ne2 Qb6 6. d4 e6 7. Nfg1 f6 8. f3
Ng5 9. exf6 gxf6 10. f4 Nf7 11. Nf3 Bd7 12. c3 Be7 13. Ng3 c5 14. f5 cxd4 15.
Nxd4 e5 16. Ne6 Bxe6 17. fxe6 Qxe6 18. Be2 Rg8 19. O-O Nc6 20. Nf5 d4 21. cxd4
Nxd4 22. Nxd4 Bc5 23. Be3 exd4 24. Bf2 Ne5 25. Bh5+ Ke7 26. Bh4 Raf8 27. Qc2
Kd6 28. Kh1 d3 29. Qd2 b6 30. Rae1 a5 31. a3 Kc7 32. b4 axb4 33. axb4 Bd6 34.
Bf3 Kb8 35. Qe3 Bc7 36. Ra1 Kc8 37. Rfc1 Qd6 38. Bg3 d2 39. Rd1 Rxg3 40. hxg3
Nxf3 41. Qxf3 Rd8 42. Ra8+ Bb8 43. Rxd2
1-0

[Event "Oslo Chess International 2014"]
[Site "Oslo"]
[Date "2014.09.28"]
[Round "5"]
[White "Andersen, Mads"]
[Black "Werle, Jan"]
[Result "0-1"]
[WhiteElo "2470"]
[BlackElo "2523"]
[PlyCount "80"]
[EventDate "2014.??.??"]

1. Nf3 Nf6 2. c4 e6 3. g3 b6 4. Bg2 Bb7 5. O-O c5 6. Nc3 Be7 7. d4 cxd4 8. Qxd4
d6 9. Bg5 a6 10. Bxf6 Bxf6 11. Qf4 O-O 12. Rfd1 Be7 13. Ne4 Bxe4 14. Qxe4 Ra7
15. Nd4 Qc8 16. b3 Rd8 17. Qe3 Bf6 18. Rac1 Rc7 19. g4 h6 20. Nf3 b5 21. cxb5
axb5 22. h4 Bb2 23. Rxc7 Qxc7 24. Qd3 b4 25. g5 hxg5 26. Nxg5 Bf6 27. Qh7+ Kf8
28. Qe4 Qc5 29. Nh7+ Ke7 30. Nxf6 gxf6 31. h5 Qxh5 32. Qb7+ Nd7 33. Qxb4 Ne5
34. Kf1 f5 35. a4 Qh2 36. f4 Ng4 37. Rd3 Qh4 38. Qd4 Rc8 39. Rd1 Qg3 40. Qxd6+
Kf6
0-1

[Event "Oslo Chess International 2014"]
[Site "Oslo"]
[Date "2014.09.28"]
[Round "5"]
[White "Svane, Rasmus"]
[Black "Galyas, Miklos"]
[Result "1/2-1/2"]
[WhiteElo "2506"]
[BlackElo "2421"]
[PlyCount "39"]
[EventDate "2014.??.??"]

1. e4 e6 2. d4 d5 3. Nd2 Nf6 4. e5 Nfd7 5. Bd3 c5 6. c3 Nc6 7. Ne2 cxd4 8. cxd4
f6 9. exf6 Nxf6 10. O-O Bd6 11. Nf3 O-O 12. Bf4 Nh5 13. Bxd6 Qxd6 14. Nc3 Nf4
15. Bb5 Bd7 16. Bxc6 bxc6 17. Ne5 c5 18. Nxd7 Qxd7 19. dxc5 Qc6 20. Ne2
1/2-1/2

[Event "Oslo Chess International 2014"]
[Site "Oslo"]
[Date "2014.09.28"]
[Round "5"]
[White "Hansen, Torbjørn R."]
[Black "Arvola, Benjamin"]
[Result "1-0"]
[WhiteElo "2476"]
[BlackElo "2318"]
[PlyCount "69"]
[EventDate "2014.??.??"]

1. c4 Nf6 2. g3 g6 3. Bg2 Bg7 4. Nf3 O-O 5. O-O d5 6. cxd5 Nxd5 7. Nc3 c5 8.
Nxd5 Qxd5 9. d4 cxd4 10. Be3 Rd8 11. Nxd4 Qh5 12. Qc2 Nc6 13. Nxc6 bxc6 14.
Bxc6 Bf5 15. Qa4 Rac8 16. Bf3 Bc2 17. b3 Qe5 18. Rac1 a5 19. Bb6 Rf8 20. Bb7
Rb8 21. Rxc2 Rxb7 22. Qxa5 Qe4 23. Rfc1 Rd7 24. Rd2 Rxd2 25. Qxd2 h5 26. Qd3
Qe5 27. a4 h4 28. a5 Bh6 29. Rd1 Qe6 30. Qc4 Qe5 31. a6 h3 32. a7 Kh7 33. f4
Qf5 34. Qc6 Qg4 35. Kf2
1-0

[Event "Oslo Chess International 2014"]
[Site "Oslo"]
[Date "2014.09.28"]
[Round "5"]
[White "Elsness, Frode"]
[Black "Sousa, Ludy Helsio P"]
[Result "1-0"]
[WhiteElo "2465"]
[BlackElo "2228"]
[PlyCount "81"]
[EventDate "2014.??.??"]

1. d4 Nf6 2. c4 g6 3. Nc3 d6 4. e4 Bg7 5. f3 Nbd7 6. Be3 e5 7. Nge2 O-O 8. Qd2
c6 9. d5 cxd5 10. cxd5 a6 11. g4 b5 12. Ng3 Nb6 13. b3 Nfd7 14. h4 b4 15. Nd1
a5 16. h5 Re8 17. Bb5 Re7 18. Bc6 Rb8 19. Nb2 Ba6 20. Rc1 f6 21. Kf2 Rc8 22.
Rc2 Nb8 23. Rhc1 Bb7 24. Kg2 Bf8 25. Qf2 Na8 26. Bxb7 Rxc2 27. Qxc2 Rxb7 28.
Qc8 Qe7 29. Nc4 Rb5 30. Bh6 Kf7 31. Qe6+ Qxe6 32. dxe6+ Ke7 33. Bxf8+ Kxf8 34.
Nxd6 Rb6 35. e7+ Kxe7 36. Nc8+ Kd7 37. Nxb6+ Nxb6 38. Nf1 Nc6 39. Ne3 a4 40.
bxa4 Nxa4 41. Nd5
1-0

[Event "Oslo Chess International 2014"]
[Site "Oslo"]
[Date "2014.09.28"]
[Round "5"]
[White "Raghavi, Nagarjan"]
[Black "Djurovic, Goran"]
[Result "1/2-1/2"]
[WhiteElo "2253"]
[BlackElo "2408"]
[PlyCount "90"]
[EventDate "2014.??.??"]

1. e4 c5 2. Nf3 d6 3. d4 cxd4 4. Qxd4 a6 5. c4 Nc6 6. Qe3 g6 7. h3 Bg7 8. Nc3
Nf6 9. Be2 O-O 10. O-O Nd7 11. Rb1 e5 12. Rd1 Nc5 13. Nd5 f5 14. Nd2 Nd4 15. f3
fxe4 16. Nxe4 Nxe4 17. fxe4 Qh4 18. Rf1 Be6 19. Bd3 Rxf1+ 20. Bxf1 Rf8 21. Bd2
Nc2 22. Qe2 Qg3 23. Be1 Nxe1 24. Qxe1 Qxe1 25. Rxe1 Bxd5 26. cxd5 Bh6 27. g3
Bd2 28. Re2 Bb4 29. Rc2 Bc5+ 30. Kg2 h5 31. h4 Rf7 32. a3 a5 33. a4 Kg7 34. Bb5
b6 35. Be8 Rf8 36. Bd7 Kh6 37. b3 g5 38. Bf5 Rg8 39. Kf3 Rg7 40. Rc1 Rg8 41.
Rc2 Rb8 42. Bd7 Kg6 43. Rh2 g4+ 44. Ke2 Rf8 45. Bf5+ Kh6
1/2-1/2

[Event "Oslo Chess International 2014"]
[Site "Oslo"]
[Date "2014.09.28"]
[Round "5"]
[White "Kjølberg, Jens Hjorth"]
[Black "Nilsen, Joachim B."]
[Result "1/2-1/2"]
[WhiteElo "2058"]
[BlackElo "2363"]
[PlyCount "64"]
[EventDate "2014.??.??"]

1. d4 Nf6 2. c4 e6 3. Nc3 Bb4 4. Nf3 O-O 5. Bg5 c5 6. Rc1 h6 7. Bxf6 Qxf6 8. g3
b6 9. Bg2 Bb7 10. dxc5 bxc5 11. O-O Qe7 12. Qc2 Nc6 13. Rfd1 Rfd8 14. a3 Ba5
15. Rd3 d6 16. Rcd1 Rd7 17. Bh3 Rad8 18. Qa4 Bb6 19. Bg2 Nd4 20. Ne1 Bxg2 21.
Kxg2 Qf6 22. e3 Nf5 23. Nf3 h5 24. h3 Qh6 25. Qb3 Rc8 26. Qa4 Rcd8 27. Qb3 Qf6
28. Ne2 Qg6 29. Nf4 Qh6 30. Ne2 Qh7 31. Nc3 Ba5 32. Na4 Bb6
1/2-1/2

[Event "Oslo Chess International 2014"]
[Site "Oslo"]
[Date "2014.09.28"]
[Round "5"]
[White "Lillevold, Frode"]
[Black "Basso, Pier Luigi"]
[Result "0-1"]
[WhiteElo "2199"]
[BlackElo "2322"]
[PlyCount "84"]
[EventDate "2014.??.??"]

1. d4 Nf6 2. c4 e6 3. Nc3 d5 4. cxd5 exd5 5. Bg5 Be7 6. e3 Nbd7 7. Bd3 O-O 8.
Nge2 Re8 9. O-O c6 10. Qc2 Nf8 11. f3 Nh5 12. Bxe7 Qxe7 13. e4 dxe4 14. fxe4
Qg5 15. Rf2 Nf6 16. Qc1 Qxc1+ 17. Rxc1 Be6 18. e5 Ng4 19. Rf3 c5 20. dxc5 Nxe5
21. Rg3 Nxd3 22. Rxd3 Bxa2 23. Nf4 Ne6 24. Nxe6 Bxe6 25. Nb5 Rec8 26. Nd6 Rc7
27. b4 a6 28. Rdc3 Kf8 29. c6 bxc6 30. Rxc6 Rxc6 31. Rxc6 Rb8 32. Rxa6 Rxb4 33.
Ra5 g6 34. Nb5 Rb1+ 35. Kf2 Rb2+ 36. Kg3 Bd5 37. Nc3 Rxg2+ 38. Kh3 Bf3 39. Re5
g5 40. Ne4 g4+ 41. Kh4 Rxh2+ 42. Kg5 Re2
0-1

[Event "Oslo Chess International 2014"]
[Site "Oslo"]
[Date "2014.09.28"]
[Round "5"]
[White "Haug, Johannes"]
[Black "Hjelmås, Lars"]
[Result "0-1"]
[WhiteElo "2194"]
[BlackElo "2302"]
[PlyCount "142"]
[EventDate "2014.??.??"]

1. e4 e6 2. d4 d5 3. Nc3 Bb4 4. e5 c5 5. Bd2 Bxc3 6. Bxc3 b6 7. Qg4 Kf8 8. Nf3
Ne7 9. Bd3 Ba6 10. O-O Bxd3 11. cxd3 Nbc6 12. Rac1 c4 13. dxc4 dxc4 14. d5 Nxd5
15. Qxc4 Rc8 16. Rfd1 h6 17. Bd2 g6 18. Qa4 Qe8 19. Qg4 Kg7 20. h4 h5 21. Qe4
Nce7 22. Bg5 Rf8 23. Rxc8 Qxc8 24. a3 Qc5 25. Rc1 Qb5 26. Qc2 Rc8 27. Qd2 Rc4
28. Rxc4 Qxc4 29. Bf6+ Kf8 30. g3 Nf5 31. Bg5 a5 32. Qc1 Qe4 33. Kg2 Nd4 34.
Qd1 Nxf3 35. Qxf3 Qxe5 36. Bh6+ Kg8 37. Qb3 Kh7 38. Bg5 f6 39. Bd2 g5 40. hxg5
fxg5 41. Qf3 Kg6 42. Qf8 Nf6 43. Bc3 Qe4+ 44. Kg1 e5 45. Qd6 Kf5 46. Qxb6 h4
47. Qe3 Qxe3 48. fxe3 a4 49. gxh4 gxh4 50. Kg2 Nd5 51. Kh3 Ke4 52. Ba5 Nxe3 53.
Kxh4 Nd1 54. Kg3 Nxb2 55. Kf2 Kd3 56. Ke1 e4 57. Bd8 Nc4 58. Be7 Ne3 59. Bc5
Nc2+ 60. Kd1 e3 61. Kc1 e2 62. Bf2 e1=Q+ 63. Bxe1 Nxe1 64. Kb2 Kc4 65. Ka2 Kc3
66. Ka1 Kb3 67. Kb1 Kxa3 68. Ka1 Kb3 69. Kb1 a3 70. Ka1 Nc2+ 71. Kb1 a2+
0-1

[Event "Oslo Chess International 2014"]
[Site "Oslo"]
[Date "2014.09.28"]
[Round "5"]
[White "Haugli, Petter"]
[Black "Pranav, Vijay"]
[Result "1/2-1/2"]
[WhiteElo "2277"]
[BlackElo "2197"]
[PlyCount "46"]
[EventDate "2014.??.??"]

1. d4 Nf6 2. c4 g6 3. Nc3 d5 4. e3 Bg7 5. Nf3 O-O 6. cxd5 Nxd5 7. Bc4 Nxc3 8.
bxc3 c5 9. O-O Qc7 10. Qe2 b6 11. e4 Bg4 12. Be3 Nc6 13. Rac1 e6 14. h3 Bxf3
15. Qxf3 cxd4 16. cxd4 Qd8 17. d5 Ne5 18. Qe2 Nxc4 19. Qxc4 exd5 20. exd5 Qd7
21. Qc6 Rfd8 22. Bg5 f6 23. Bxf6 Qxc6
1/2-1/2

[Event "Oslo Chess International 2014"]
[Site "Oslo"]
[Date "2014.09.28"]
[Round "5"]
[White "Wieweg, Johnny"]
[Black "Mihajlov, Sebastian"]
[Result "0-1"]
[WhiteElo "2140"]
[BlackElo "2257"]
[PlyCount "68"]
[EventDate "2014.??.??"]

1. e4 e5 2. Nc3 Nf6 3. Bc4 Bc5 4. d3 h6 5. f4 d6 6. Nf3 exf4 7. Bxf4 O-O 8. Qd2
c6 9. O-O-O b5 10. Bb3 a5 11. a4 Be6 12. d4 Bb4 13. Qd3 Bxb3 14. cxb3 Bxc3 15.
bxc3 bxa4 16. bxa4 d5 17. Nd2 Qe7 18. Kb2 dxe4 19. Qc4 Nd5 20. Rhf1 g5 21. Bxb8
Raxb8+ 22. Ka2 Ne3 23. Qxc6 Nxd1 24. Rxd1 e3 25. Ne4 Qb7 26. Nf6+ Kh8 27. Qxb7
Rxb7 28. Re1 Rfb8 29. Rxe3 Rb2+ 30. Ka1 Rb1+ 31. Ka2 R8b2+ 32. Ka3 Rb6 33. Ka2
R1b2+ 34. Ka1 Rxg2
0-1

[Event "Oslo Chess International 2014"]
[Site "Oslo"]
[Date "2014.09.28"]
[Round "5"]
[White "Hanssen, Gunnar B."]
[Black "Merkesvik, Sondre"]
[Result "0-1"]
[WhiteElo "2204"]
[BlackElo "2179"]
[PlyCount "62"]
[EventDate "2014.??.??"]

1. Nf3 c5 2. c4 g6 3. g3 Bg7 4. Bg2 Nc6 5. Nc3 e6 6. d3 Nge7 7. Bg5 h6 8. Bd2
d5 9. Qc1 b6 10. O-O Bb7 11. Rb1 Rc8 12. Rd1 Nf5 13. cxd5 exd5 14. Bh3 d4 15.
Ne4 O-O 16. Bf4 Nce7 17. b3 g5 18. Bd2 Rc6 19. Bg2 Nd5 20. g4 Nfe7 21. Ng3 Re6
22. Re1 Ng6 23. Nh5 Rfe8 24. Qd1 Nf6 25. Nxf6+ Qxf6 26. b4 Nf4 27. Bxf4 Qxf4
28. h3 Bxf3 29. Bxf3 Be5 30. bxc5 Qh2+ 31. Kf1 Rf6
0-1

[Event "Oslo Chess International 2014"]
[Site "Oslo"]
[Date "2014.09.28"]
[Round "5"]
[White "Bjerke, Richard"]
[Black "Wallace, Paul"]
[Result "1/2-1/2"]
[WhiteElo "2172"]
[BlackElo "2200"]
[PlyCount "65"]
[EventDate "2014.??.??"]

1. e4 e5 2. Nf3 Nc6 3. Bb5 Bc5 4. O-O Nd4 5. Nxd4 Bxd4 6. c3 Bb6 7. d4 c6 8.
Be2 d6 9. Na3 Nf6 10. Nc4 Bc7 11. dxe5 dxe5 12. Qxd8+ Kxd8 13. Bg5 Be6 14.
Rad1+ Ke7 15. f4 h6 16. Bh4 Bxc4 17. Bxc4 Rad8 18. Bxf6+ gxf6 19. fxe5 Bxe5 20.
Bb3 Bd6 21. Rfe1 Rhg8 22. Re2 Bf4 23. Rxd8 Rxd8 24. g3 Be5 25. Kf2 h5 26. Kg2
Kf8 27. Kh3 Kg7 28. Kh4 Kg6 29. Rg2 Rd3 30. Bc4 Rd8 31. Bb3 Rd3 32. Bc4 Rd8 33.
Bb3
1/2-1/2

[Event "Oslo Chess International 2014"]
[Site "Oslo"]
[Date "2014.09.28"]
[Round "5"]
[White "Goossens, Hanne"]
[Black "Andersen, Alf Roger"]
[Result "0-1"]
[WhiteElo "2187"]
[BlackElo "2170"]
[PlyCount "128"]
[EventDate "2014.??.??"]

1. e4 d6 2. d4 Nf6 3. Nc3 g6 4. Bg5 Bg7 5. Qd2 h6 6. Bf4 g5 7. Bg3 Nh5 8. O-O-O
Nd7 9. e5 Nb6 10. Qe3 Nxg3 11. hxg3 d5 12. Bd3 c6 13. f4 Bg4 14. fxg5 Bxd1 15.
Kxd1 hxg5 16. Rxh8+ Bxh8 17. e6 fxe6 18. Nf3 Bf6 19. Qxe6 Qd6 20. Qg4 Kd8 21.
Nxg5 Bxg5 22. Qxg5 Kc7 23. Ne2 Rh8 24. Qf4 Nc4 25. Bxc4 dxc4 26. Kd2 Rh2 27.
Qe4 b5 28. c3 Rh1 29. Nf4 Kb6 30. a3 Rh8 31. Ke2 Re8 32. Qe3 Kb7 33. Ne6 Rg8
34. Nf4 Kb8 35. Kf2 Rf8 36. Qe4 Rf6 37. Qe3 Rf7 38. Qe4 Kb7 39. Ke2 Rf6 40. Kf2
Rf8 41. Ke2 Rg8 42. Qe3 Rg7 43. Kf2 Qf6 44. Qe4 Rg5 45. Qh7 Kb6 46. Kf3 Ka5 47.
Kf2 Rf5 48. Kf3 Ka4 49. Qh1 Rg5 50. Qd1+ Ka5 51. b4+ cxb3 52. Qxb3 e5 53. dxe5
Rxe5 54. Qb4+ Kb6 55. Qd4+ c5 56. Qd3 Re8 57. g4 c4 58. Qd2 Kc5 59. Qb2 Rd8 60.
g3 Rd3+ 61. Kg2 Qc6+ 62. Kh2 Rd1 63. Ng2 Qh6+ 64. Nh4 Rd2+
0-1

[Event "Oslo Chess International 2014"]
[Site "Oslo"]
[Date "2014.09.28"]
[Round "5"]
[White "Einarsen, Kenneth"]
[Black "Gonzàlez, Francisco Silva"]
[Result "1-0"]
[WhiteElo "2106"]
[BlackElo "2130"]
[PlyCount "81"]
[EventDate "2014.??.??"]

1. e4 e5 2. Nf3 Nc6 3. d4 exd4 4. Nxd4 Bc5 5. Nb3 Bb6 6. Nc3 Nf6 7. Qe2 O-O 8.
Bg5 h6 9. Bh4 Re8 10. O-O-O d6 11. f3 Be6 12. Kb1 a5 13. a4 Qe7 14. Qe1 Nb4 15.
Nd4 Nc6 16. Nxe6 fxe6 17. Bb5 g5 18. Bf2 Bxf2 19. Qxf2 Rf8 20. h4 Ne5 21. Qd2
Qg7 22. Be2 g4 23. f4 Nf7 24. Bc4 Rfe8 25. Rhe1 Nd7 26. f5 Nc5 27. fxe6 Nxe6
28. Rf1 Kh7 29. Nd5 Ne5 30. Nf6+ Kh8 31. Nxe8 Nxc4 32. Nxg7 Nxd2+ 33. Rxd2 Kxg7
34. Rdf2 Rf8 35. Rxf8 Nxf8 36. Rf4 Ng6 37. Rxg4 Kf6 38. h5 Ne5 39. Rg8 Ke7 40.
Rg7+ Nf7 41. Rg6
1-0

[Event "Oslo Chess International 2014"]
[Site "Oslo"]
[Date "2014.09.28"]
[Round "5"]
[White "Harstad, Christian"]
[Black "Djurhuus, Eivind X"]
[Result "0-1"]
[WhiteElo "2002"]
[BlackElo "2105"]
[PlyCount "72"]
[EventDate "2014.??.??"]

1. d4 e6 2. c4 f5 3. Nf3 Nf6 4. Nc3 Bb4 5. Qc2 b6 6. a3 Bxc3+ 7. Qxc3 Bb7 8. g3
O-O 9. Bg2 c5 10. dxc5 Ne4 11. Qc2 Nxc5 12. O-O Be4 13. Qd1 a5 14. Bg5 Qc7 15.
b4 axb4 16. axb4 Rxa1 17. Qxa1 Nca6 18. b5 Nc5 19. h4 d6 20. Rd1 e5 21. Be3
Nbd7 22. Qc3 Nf6 23. Qd2 Nb7 24. Rc1 h6 25. Qa2 Nc5 26. Bxc5 Qxc5 27. Nd2 Ng4
28. e3 Bxg2 29. Kxg2 Kh8 30. Nb3 Qc7 31. Qe2 Qd7 32. f3 Nf6 33. Rd1 f4 34. g4
Nxg4 35. exf4 exf4 36. Qd3 Ne3+
0-1